| 000 | 00412nam a2200181Ia 4500 | ||
|---|---|---|---|
| 001 | 15102 | ||
| 005 | 20260306165003.0 | ||
| 008 | 260306t2021||||xx |||||||||||||| ||spa|| | ||
| 041 | _aESP | ||
| 082 |
_a530 _bM566 V. 2 |
||
| 100 |
_aMoore, Thomas A. _eAUT |
||
| 245 | 0 | _aFísica | |
| 260 | _c2021 | ||
| 300 |
_axxvii, 624 páginas : _c27 cm. |
||
| 650 | _aGEN | ||
| 654 | _aCCN | ||
| 942 |
_cLIB _dJUS _fJUS _2ddc _n |
||
| 999 |
_c15102 _d15102 |
||